| Tag |
First Indicator |
Second Indicator |
Subfields |
| LEADER |
00000cam a22000008a 4500 |
| 001 |
in00000079631 |
| 005 |
20151008053941.0 |
| 008 |
811030s1981 nyua b 10110 eng |
| 010 |
|
|
|a 81017425
|
| 020 |
|
|
|a 0444006788
|
| 035 |
|
|
|a (OCoLC)07947664
|
| 035 |
|
|
|9 AAH9158AM
|
| 039 |
0 |
|
|a 2
|b 3
|c 3
|d 3
|e 3
|
| 040 |
|
|
|a DLC
|c DLC
|d TXA
|d UtOrBLW
|
| 049 |
|
|
|a TXAM
|c 1 [387306], 2 [A10761396]
|
| 050 |
0 |
0 |
|a QP88.23
|b .I48 1981
|
| 082 |
0 |
|
|a 599.01/852
|2 19
|
| 111 |
2 |
|
|a International Conference on the Chemistry and Biology of Mineralized Connective Tissues
|n (1st :
|d 1981 :
|c Northwestern University Dental School)
|
| 245 |
1 |
4 |
|a The Chemistry and biology of mineralized connective tissues :
|b proceedings of the First International Conference on the Chemistry and Biology of Mineralized Connective Tissues, held 3-7 May 1981 at the Northwestern University Dental School, Chicago, Illinois, U.S.A. /
|c editor, Arthur Veis.
|
| 263 |
|
|
|a 8111
|
| 264 |
|
1 |
|a New York, N.Y. :
|b Elsevier/North-Holland,
|c [1981]
|
| 264 |
|
4 |
|c ©1981
|
| 300 |
|
|
|a xxiv, 680 pages :
|b illustrations ;
|c 25 cm.
|
| 336 |
|
|
|a text
|b txt
|2 rdacontent
|
| 337 |
|
|
|a unmediated
|b n
|2 rdamedia
|
| 338 |
|
|
|a volume
|b nc
|2 rdacarrier
|
| 490 |
1 |
|
|a Developments in biochemistry,
|x 0165-1714 ;
|v v. 22
|
| 504 |
|
|
|a Includes bibliographical references and index.
|
| 650 |
|
0 |
|a Connective tissues
|x Congresses.
|
| 650 |
|
0 |
|a Biomineralization
|v Congresses.
|
| 700 |
1 |
|
|a Veis, Arthur.
|
| 830 |
|
0 |
|a Developments in biochemistry ;
|v v. 22.
|
| 999 |
|
|
|a MARS
|
| 999 |
f |
f |
|s 1a04f198-b760-3c75-998f-f5400c86b9aa
|i bc9fbca8-76f5-3de8-8afa-e442c97f7a7a
|t 0
|
| 952 |
f |
f |
|p normal
|a Texas A&M University
|b College Station
|c Sterling C. Evans Library
|d Evans: Library Stacks
|t 0
|e QP88.23 .I48 1981
|h Library of Congress classification
|i unmediated -- volume
|m A14806223289
|
| 952 |
f |
f |
|p ric
|a Texas A&M University
|b Rellis Campus
|c Joint Library Facility
|d Remote Storage
|t 0
|e QP88.23 .I48 1981
|h Library of Congress classification
|i unmediated -- volume
|m A14810761396
|
| 998 |
f |
f |
|a QP88.23 .I48 1981
|t 0
|l Evans: Library Stacks
|
| 998 |
f |
f |
|a QP88.23 .I48 1981
|t 0
|l Remote Storage
|